<?xml version="1.0" encoding="UTF-8"?>
<marc:record xmlns:marc="http://www.loc.gov/MARC21/slim">
   <marc:leader>00000nam a2200000 a 4500</marc:leader>
   <marc:datafield ind1="1" ind2=" " tag="100">
      <marc:subfield code="a">Thomas, Diane</marc:subfield>
      <marc:subfield code="4">aut</marc:subfield>
      <marc:subfield code="e">Verfasser/-in</marc:subfield>
   </marc:datafield>
   <marc:datafield ind1="1" ind2=" " tag="100">
      <marc:subfield code="a">Douglas, Michael</marc:subfield>
   </marc:datafield>
   <marc:datafield ind1="1" ind2=" " tag="100">
      <marc:subfield code="a">Turner, Kathleen</marc:subfield>
   </marc:datafield>
   <marc:datafield ind1="1" ind2=" " tag="100">
      <marc:subfield code="a">Zemeckis, Robert</marc:subfield>
   </marc:datafield>
   <marc:datafield ind1="0" ind2="0" tag="245">
      <marc:subfield code="a">Auf der Jagd nach dem Grünen Diamanten</marc:subfield>
   </marc:datafield>
   <marc:datafield ind1="0" ind2="0" tag="245">
      <marc:subfield code="b">DVD ab 12 Jahren</marc:subfield>
   </marc:datafield>
   <marc:datafield ind1="0" ind2="0" tag="245">
      <marc:subfield code="c">Diane Thomas</marc:subfield>
   </marc:datafield>
   <marc:datafield ind1=" " ind2="1" tag="264">
      <marc:subfield code="b">Twentieth Century Fox Home Entertainment</marc:subfield>
      <marc:subfield code="c">1984</marc:subfield>
   </marc:datafield>
   <marc:datafield ind1="1" ind2=" " tag="520">
      <marc:subfield code="a">Zur Hölle mit der Schatzkarte! Dadurch daß die Abenteuer- Schriftstellerin Joan Wilder den Lageplan des grünen Diamanten besitzt, beginnt für sie ein Abenteuer, das alle ihre Romane weit in den Schatten stellt. Gangster fordern die Karte für das Leben ihrer Schwester. Doch es kommt anders, als man denkt: Joan wird auf dem Flughafen von Bogota selber entführt, von Ganstern verfolgt, gerät in die Gewalt korrupter Militärs und kann sich nur in die Hände des verwegenen Abenteurers Colton retten. Die Jagd durch den Dschungel beginnt. Durch eine undurchdringliche grüne Hölle, in der Krokodile, Gangster und die Piloten eines Flugzeugwracks lauern. Hohe Absätze im Dschungel-hoppla Joan-werden einfach mit der Machete gekappt. Und daß Coltons Kopf unter ihren Rock rutscht, daran ist, wer weiß, sicher nur die Rutschpartie im Schlamm des Urwalds schuld. Werden sie den grünen Diamanten bald finden oder geschieht erst noch viel, viel mehr?</marc:subfield>
   </marc:datafield>
   <marc:datafield ind1=" " ind2=" " tag="020">
      <marc:subfield code="a">4010232006783</marc:subfield>
      <marc:subfield code="9">4010232006783</marc:subfield>
   </marc:datafield>
   <marc:datafield ind1=" " ind2=" " tag="500">
      <marc:subfield code="a">Sprachen: Englisch, Deutsch, Spanisch</marc:subfield>
   </marc:datafield>
   <marc:datafield ind1="0" ind2=" " tag="490">
      <marc:subfield code="v">0</marc:subfield>
   </marc:datafield>
   <marc:datafield ind1=" " ind2=" " tag="300">
      <marc:subfield code="a">ca. 101 Min.</marc:subfield>
   </marc:datafield>
</marc:record>
